书目信息 |
| 题名: |
中华法学大辞典
|
|
| 作者: | 许崇德 主编 | |
| 分册: | 宪法学卷 | |
| 出版信息: | 北京 中国检察出版社 1995 |
|
| 页数: | 906,55,61页 | |
| 开本: | 26cm | |
| 丛书名: | ||
| 单 册: | ||
| 中图分类: | D9-61 | |
| 科图分类: | ||
| 主题词: | --词典 , 宪法--法学--词典 , 法律 | |
| 电子资源: | ||
| ISBN: | 7-80086-280-1 | |
| 000 | 00738nnam 2200253 45 | |
| 001 | 0196006596 | |
| 005 | 20061031145117.68 | |
| 010 | @a7-80086-280-1@b精装@dCNY168.00 | |
| 100 | @a19950619d1995 kemy0chiy0121 ea | |
| 101 | 0 | @achi |
| 102 | @aCN@b110000 | |
| 105 | @ay en 001yy | |
| 200 | 10 | @a中华法学大辞典@AZHONG HUA FA XUE DA CI DIAN@i宪法学卷@IXIAN FA XUE JUAN@f许崇德主编@FXU CHONG DE ZHU BIAN |
| 210 | @a北京@c中国检察出版社@d1995 | |
| 215 | @a906,55,61页@d26cm | |
| 300 | @a国家“八五”重点图书 | |
| 517 | 1 | @a宪法学@AXIAN FA XUE |
| 606 | @a@x词典 | |
| 606 | @a宪法@x法学@x词典 | |
| 606 | 0 | @a法律 |
| 690 | @aD9-61@v3 | |
| 701 | 0 | @a许崇德@AXU CHONG DE@4主编 |
| 801 | 0 | @aCN@bTSSF@c20061031 |
| 905 | @a10447@dD9-61@e175:1 | |
| 中华法学大辞典.宪法学卷/许崇德主编.-北京:中国检察出版社,1995 |
| 906,55,61页;26cm |
| 国家“八五”重点图书 |
| ISBN 7-80086-280-1(精装):CNY168.00 |
| ● |
| 相关链接 |
|
|
|
|
正题名:中华法学大辞典
索取号:D9-61/175:1
 
预约/预借
| 序号 | 登录号 | 条形码 | 馆藏地/架位号 | 状态 | 备注 |
| 1 | 0264580 | 002054706 | 第一样本阅览室/ [索取号:D9-61/175:1] | 在馆 |